000 00919njm a22002537a 4500
005 20100920114348.0
007 sd ammalaaahaa
008 100913t xxu||||| |||| 00| 0 hin d
028 _aECLP 5888
_bHis Master's Voice
035 _aGR-03653
040 _aSED/VEN
100 _aSuraiya
_91184
245 _aMono /
_cby Suraiya
_h[sound recording] :
260 _aDum Dum India
_bHis Master's Voice
_c1983
300 _a1 sound disc [Gramophone record] :
_banalog, 33 1/3 rpm
_c12.5 in. (LP)
_fGramophone Record
500 _aBrief Record
500 _aRecord label :His Master's Voice, Red
505 _aSide-1 (Rahi Matwale-Gajre) (Talat mahmood) Side-२ (Door paapiha bole-Waris) (Suraiya)
600 _aSuraiya
_919992
650 _aHindi Film Songs
_xExcerpts
_zIndia
_919603
700 _920747
942 _2ddc
_cGR
999 _c46935
_d46935